000 00472nam a2200121Ia 4500
008 220620s9999||||xx |||||||||||||| ||und||
100 _aMart Min
245 0 _aCardiac Pacing and Monitoring - New Methods, Modern Devices
546 _aEnglish[eng]
650 _aMedicine||Cardiology and Cardiovascular Medicine||Cardiac Electrophysiology||Health Sciences
856 _uhttps://www.intechopen.com/books/cardiac-pacing-and-monitoring-new-methods-modern-devices
942 _cEB
999 _c31894
_d31894